01012nam a2200229 i 4500001000300000245026300003260007000266300002800336500004700364504002200411650002900433650002700462655002900489700003400518710002900552020001500581040000800596041001900604080002000623008004100643856009800684bg10aModern trends in manufacturing :bfirst international CAMT conference, [7-8 February 2002] /c[sc. ed. Bogusław Dembiński ; Centre for Advanced Manufacturing Technologie. Institute of Production Engineering and Automation Wroclaw University of Technology. aWrocław :bOficyna Wydawnicza Politechniki Wrocławskiej,c2002. a298 s. :bil. ;c24 cm. aTekst częśc. niem. Streszcz. przy ref. aBibliogr. po ref. 9aProdukcjaxautomatyzacja 9aProdukcjaxorganizacja aMateriały konferencyjne1 aDEMBIŃSKI, Bogusław.eRed. 0aPolitechnika Wrocławska a8370856128 cBPK0 aenggerbengger a658.5:004](061) s pl f |000 0 pol  uhttp://koha.tu.koszalin.pl/cgi-bin/koha/opac-detail.pl?biblionumber=42485yKatalog online BPK